Irrigation Engineering (Record no. 5025)

MARC details
000 -LEADER
fixed length control field 00412nam a22001697a 4500
005 - DATE AND TIME OF LATEST TRANSACTION
control field 20160701110039.0
008 - FIXED-LENGTH DATA ELEMENTS--GENERAL INFORMATION
fixed length control field 160701b xxu||||| |||| 00| 0 eng d
020 ## - INTERNATIONAL STANDARD BOOK NUMBER
ISBN 978-93-5014-213-6
041 ## - LANGUAGE CODE
Language code of text/sound track or separate title eng
082 ## - DEWEY DECIMAL CLASSIFICATION NUMBER
Item number 18163
100 ## - MAIN ENTRY--AUTHOR NAME
Personal name Sahasrabudha, S R
245 ## - TITLE STATEMENT
Title Irrigation Engineering
260 ## - PUBLICATION, DISTRIBUTION, ETC. (IMPRINT)
Name of publisher S.K. Kataria & Sons
Year of publication 2012
300 ## - PHYSICAL DESCRIPTION
Number of Pages 492
650 ## - SUBJECT ADDED ENTRY--TOPICAL TERM
Topical Term Diploma Engineering
942 ## - ADDED ENTRY ELEMENTS (KOHA)
Koha item type Books
Holdings
Lost status Damaged status Home library Current library Shelving location Date acquired Cost, normal purchase price Full call number Accession Number Koha item type
    JRU Library   SHELF-43-A 01/07/2016 150.00 18163 18163 Books
    JRU Library   SHELF-43-A 01/07/2016 150.00 18163 18164 Books
    JRU Library   SHELF-43-B 01/07/2016 150.00 18163 18165 Books
    JRU Library   SHELF-43-B 01/07/2016 150.00 18163 18166 Books
    JRU Library   SHELF-43-B 01/07/2016 150.00 18163 18167 Books
    JRU Library   SHELF-43-B 01/07/2016 150.00 18163 18168 Books
    JRU Library   SHELF-43-B 01/07/2016 150.00 18163 18169 Books
    JRU Library   SHELF-43-C 01/07/2016 150.00 18163 18170 Books
    JRU Library     01/07/2016 150.00 18163 18171 Books
    JRU Library   SHELF-43-B 01/07/2016 150.00 18163 18172 Books
    JRU Library   SHELF-43-D 01/07/2016 150.00 18163 18173 Books
    JRU Library   SHELF-43-B 01/07/2016 150.00 18163 18174 Books
    JRU Library     01/07/2016 150.00 18163 18175 Books
    JRU Library   SHELF-43-A 01/07/2016 150.00 18163 18176 Books
    JRU Library   SHELF-43-A 01/07/2016 150.00 18163 18177 Books